000 00705cam a22002417a 4500
020 _a9251046271
040 _cOSU
082 0 0 _a338 FAO 2001 A068 Co.
100 1 _aDixon, John
245 1 0 _aFarming systems and poverty :
_bimproving farmers' livelihoods in a changing world /
260 _aRome :
_bFAO ;
_aWashington, D.C. :
_bWorld Bank,
_c2001.
300 _aviii, 412 p. :
_bill. (some col.), col. maps ;
_c24 cm.
650 0 _aAgriculture
650 0 _aFarmers
650 0 _aRural development
650 0 _aFood supply
650 0 _aRural poor
650 0 _aSustainable agriculture
700 1 _aGibbon, David P.
700 1 _aGulliver, Aidan.
700 1 _aHall, Malcolm.
942 _cEK
999 _c14989
_d14989